<?xml version="1.0" encoding="UTF-8"?>
<record
    xmlns:xsi="http://www.w3.org/2001/XMLSchema-instance"
    xsi:schemaLocation="http://www.loc.gov/MARC21/slim http://www.loc.gov/standards/marcxml/schema/MARC21slim.xsd"
    xmlns="http://www.loc.gov/MARC21/slim">

  <leader>01728nam a2200205Ia 4500</leader>
  <controlfield tag="001">b7175-53278 </controlfield>
  <controlfield tag="003">IT-MiCISF</controlfield>
  <controlfield tag="008">161014s9999||||xx |||||||||||||| ||und||</controlfield>
  <datafield tag="040" ind1=" " ind2=" ">
    <subfield code="a">IT-MiCISF</subfield>
    <subfield code="c">IT-MiCISF</subfield>
  </datafield>
  <datafield tag="041" ind1=" " ind2=" ">
    <subfield code="a">it</subfield>
  </datafield>
  <datafield tag="100" ind1=" " ind2=" ">
    <subfield code="a">Perez-Soba Juan Jos&#xE9; (a cura di)</subfield>
  </datafield>
  <datafield tag="245" ind1=" " ind2="0">
    <subfield code="a">Saper portare il vino migliore</subfield>
    <subfield code="b">Strade di pastorale familiare</subfield>
  </datafield>
  <datafield tag="250" ind1=" " ind2=" ">
    <subfield code="a">1a ed.</subfield>
  </datafield>
  <datafield tag="260" ind1=" " ind2=" ">
    <subfield code="a"> Siena; Pontificio Istituto Giovanni Paolo II per Studi su Matrimonio e Famiglia</subfield>
    <subfield code="b">Cantagalli</subfield>
    <subfield code="c">2014</subfield>
  </datafield>
  <datafield tag="300" ind1=" " ind2=" ">
    <subfield code="a">pp. 139</subfield>
  </datafield>
  <datafield tag="500" ind1=" " ind2=" ">
    <subfield code="a">Rossi B., Chiodi M., Zanetti E., Scotti E., Vinerba R., Virga D. e L. / pastorale-familiare, fecondit&#xE0;, bibbia, sterilit&#xE0;, adozione, separazione, fedelt&#xE0;, vocazione, famiglia-numerosa, esperienze / Questo libro raccoglie le principali conferenze organizzate presso la sede del Pontificio Istituto Giovanni Paolo II per studi su matrimonio e famiglia dal 23 febbraio al 17 maggio 2012, e manifesta lo sforzo volto ad offrire alla Chiesa una riflessione pastorale sul matrimonio e la famiglia, che sia nel contempo scientifica e vicina alla realt&#xE0; delle famiglie stesse. In questa pubblicazione si alternano studi teologici e testimonianze vissute di pastorale familiare, nella convinzione che questa congiunzione sia particolarmente vantaggiosa per la pastorale. Infatti, essa deve saper illuminare con l'intelligenza della fede le vite dei matrimoni e, contemporaneamente, ricevere con animo docile l'insegnamento contenuto nella vita testimoniale di sposi e famiglie che sono, di per s&#xE9;, una Buona Novella, il cui messaggio deve trovare eco ed essere promessa di una fecondit&#xE0; pi&#xF9; grande nella vita della Chiesa.</subfield>
  </datafield>
  <datafield tag="650" ind1=" " ind2=" ">
    <subfield code="a">pastorale-familiare</subfield>
  </datafield>
  <datafield tag="942" ind1=" " ind2=" ">
    <subfield code="c">BK</subfield>
  </datafield>
  <datafield tag="957" ind1=" " ind2=" ">
    <subfield code="7">1</subfield>
  </datafield>
  <datafield tag="999" ind1=" " ind2=" ">
    <subfield code="a">53278</subfield>
    <subfield code="b">si</subfield>
    <subfield code="g">1</subfield>
    <subfield code="c">209794</subfield>
    <subfield code="d">209794</subfield>
  </datafield>
  <datafield tag="952" ind1=" " ind2=" ">
    <subfield code="0">0</subfield>
    <subfield code="1">0</subfield>
    <subfield code="4">0</subfield>
    <subfield code="6">B_717553278</subfield>
    <subfield code="7">1</subfield>
    <subfield code="a">CISF</subfield>
    <subfield code="b">CISF</subfield>
    <subfield code="d">2016-10-14</subfield>
    <subfield code="l">0</subfield>
    <subfield code="o">b7175-53278 </subfield>
    <subfield code="r">2016-10-14 00:00:00</subfield>
    <subfield code="w">2016-10-14</subfield>
    <subfield code="y">BK</subfield>
    <subfield code="z">Data import 15.10.2016 / by Epidotti, Vaglietti</subfield>
  </datafield>
</record>
